Škripinec nízky

Bibliographic Details
Main Author: Dítě, Daniel, 1968- (Author)
Format: Article
Language:Slovak
PhysicalDescription:Fotogr.
ISSN:1335-7921
Subjects:

MARC

LEADER 00000nab a2200000 a 4500
001 vtls000862838
003 SK-MaSNL
005 20260302161223.0
008 140716c2003 xo 0 slo
015 |a SNBRB2004/02-05154 
035 |a CLN000214409 
040 |a SNKBUCL  |b slo  |c SNKBUCL  |e AACR2 
041 0 |a slo 
044 |a xo  |c SK 
080 |a 582.542.2  |2 1997 
100 1 |a Dítě, Daniel,  |d 1968-  |4 aut  |9 214518 
245 1 0 |a Škripinec nízky  |c Daniel Dítě 
300 |b Fotogr. 
650 0 7 |a škripinec nízky  |2 snkbucl  |9 858741 
655 7 |a články z novín a časopisov  |2 snkbucl  |9 267496 
773 0 |t Ochrana prírody Slovenska  |g Č. 4 (2003), s. 3. obál.  |x 1335-7921 
850 |a Slovenská národná knižnica v Martine 
852 |a SNK  |b KIS3GCP 
992 |a RBX 
999 |c 1376713  |d 1378643